| 000 | 00692nam a2200169 i 4500 | ||
|---|---|---|---|
| 001 | 116589 | ||
| 003 | ES-MaACL | ||
| 005 | 20230906190731.0 | ||
| 007 | t| | ||
| 008 | 061121s1930 sp r ||||1| spa d | ||
| 100 | 1 |
_aOtero, Santiago S. _987900 |
|
| 245 | 1 | 0 |
_aEn el corazón del Rif _b: impresiones del viaje efectuado a la zona del protectorado español y plazas de soberanía en Marruecos, por la Asociación Internacional de la Prensa de Tánger, el mes de noviembre de 1930 / _cSantiago S. Otero. |
| 260 |
_aCeuta : _bRevista frica, _c1930. |
||
| 300 |
_a216 p., 25 lám. ; _c23 cm. |
||
| 651 | 4 |
_aRif (Marruecos, Macizo)- _xDescripción. _99310 |
|
| 852 |
_aES-MaACL _jC-11297 _bR.38863 |
||
| 999 |
_c116589 _d116589 |
||